000 01228pam a2200337 a 4500
001 75990
003 BD-RjUL
005 20211209082755.0
008 890407s1990 enk b 001 0 eng
020 _a0521380553
035 _a(BD-RjUL)76209
040 _aDLC
_cDLC
_dDLC
_beng
041 _aeng
043 _ae-uk---
_aa-ja---
082 0 0 _a658.5140941
_220
_bWHM 1990
100 1 _aWhittaker, D. H.
_q(D. Hugh)
_9233298
245 1 0 _aManaging innovation :
_ba study of British and Japanese factories /
_cD.H. Whittaker.
260 _aCambridge [England] ;
_aNew York :
_bCambridge University Press,
_c1990.
300 _axvi, 205 p. ;
_c24 cm.
500 _aIncludes index.
504 _aBibliography: p. 187-200.
650 0 _aTechnological innovations
_zGreat Britain
_xManagement
_xCase studies.
_9233300
650 0 _aTechnological innovations
_zJapan
_xManagement
_xCase studies.
_9233301
650 0 _aIndustrial management
_zGreat Britain
_xCase studies.
_9233302
650 0 _aIndustrial management
_zJapan
_xCase studies.
_9233303
650 0 _aComparative management.
_9233304
942 _2ddc
_cBK
999 _c75990
_d75990